000 00672cam a2200193 4500500
005 20260322014812.0
041 _afre
042 _adc
100 1 0 _aBaudrant, Annie
_eauthor
700 1 0 _aBernot, Kevin
_eauthor
700 1 0 _aBurgot, Gwenola
_eauthor
700 1 0 _aChampion, Yannick
_eauthor
700 1 0 _aMazaleyrat, Frédéric
_eauthor
700 1 0 _aMonsan, Pierre
_eauthor
700 1 0 _aThorel, Alain
_eauthor
245 0 0 _aInnovations en environnement
260 _bTechniques de l'ingénieur,
_c2025.
856 4 1 _uhttps://stm.cairn.info/techniques-de-l-ingenieur-innovations-en-energie-et-environnement--42503210?lang=fr&redirect-ssocas=7080
999 _c1791522
_d1791522